Statistiques concernant Harry Potter: la Potion Tue-Loup

Cliquez ici pour prendre le quiz!

Statistiques générales

  • Ce quiz a été pris 87 fois
  • Le résultat moyen est 5 sur 8

Statistiques - réponses

InformationRéponse% Correct
Professeur qui en utiliseRémus Lupin
97%
Professeur qui lui prépareSeverus Rogue
97%
Première apparitionHarry Potter et le prisonnier d'Azkaban
94%
Derniere apparitionHarry Potter et le Prince de Sang-Mêlé
91%
EffetsSoulage les symptômes des loups garou
59%
DifficultéNiveau avancé
26%
IngrédientAconit
19%
CreateurDamoclès
12%

Distribution des résultats

Percentile par nombre de réponses

% des personnes avec chaque résultat

Votre développement - résultats

Vous n’avez pas pris ce quiz